Computer Networks (Record no. 346711)
[ view plain ]
| 000 -LEADER | |
|---|---|
| fixed length control field | 00262 a2200109 4500 |
| 090 ## - LOCALLY ASSIGNED LC-TYPE CALL NUMBER (OCLC); LOCAL CALL NUMBER (RLIN) | |
| -- | 4264 |
| -- | 4264 |
| 100 ## - MAIN ENTRY--PERSONAL NAME | |
| Personal name | Andrew S. Tanenbaum |
| 245 ## - TITLE STATEMENT | |
| Title | Computer Networks |
| 250 ## - EDITION STATEMENT | |
| Edition statement | 3rd Ed. |
| 260 ## - PUBLICATION, DISTRIBUTION, ETC. | |
| Place of publication, distribution, etc. | Prentice Hall |
| Name of publisher, distributor, etc. | New Delhi |
| Date of publication, distribution, etc. | 1999 |
| 942 ## - ADDED ENTRY ELEMENTS (KOHA) | |
| Institution code [OBSOLETE] | NBS |
| Koha item type | Book |
| Call number prefix | 005.754 TAN |
| Withdrawn status | Lost status | Source of classification or shelving scheme | Damaged status | Not for loan | Permanent Location | Current Location | Shelving location | Date acquired | Total Checkouts | Total Renewals | Full call number | Barcode | Date last seen | Date last checked out | Price effective from | Koha item type |
|---|---|---|---|---|---|---|---|---|---|---|---|---|---|---|---|---|
| NUST Baluchistan Campus (NBC) | NUST Baluchistan Campus (NBC) | First Floor - Databases | 08/28/2013 | 4 | 3 | 004.6 TAN | NBS2397 | 07/06/2022 | 10/27/2020 | 08/28/2013 | Book |
